The groundwork of British history, (Record no. 552789)
[ view plain ]
| 000 -LEADER | |
|---|---|
| fixed length control field | 00503cam a2200145u 4500 |
| 082 ## - DEWEY DECIMAL CLASSIFICATION NUMBER | |
| Classification number | 941 |
| Author Mark | WAR |
| -- | D |
| 100 1# - MAIN ENTRY--PERSONAL NAME | |
| Personal name | Warner, George Townsend, |
| 9 (RLIN) | 50049 |
| 245 14 - TITLE STATEMENT | |
| Title | The groundwork of British history, |
| 260 ## - PUBLICATION, DISTRIBUTION, ETC. | |
| Place of publication, distribution, etc. | London [etc.] |
| Name of publisher, distributor, etc. | Blackie and son limited |
| Date of publication, distribution, etc. | [1924] |
| 300 ## - PHYSICAL DESCRIPTION | |
| Extent | xiv p., 1 l., |
| Other physical details | 803 p. illus. (maps, geneal. tables) diagrs. |
| Dimensions | 20 cm. |
| 526 ## - STUDY PROGRAM INFORMATION NOTE | |
| Program name | 0 |
| Interest level | 0 |
| Reading level | 0 |
| Title point value | 941_000000000000000_WAR |
| 650 ## - SUBJECT ADDED ENTRY--TOPICAL TERM | |
| Topical term or geographic name entry element | MCE |
| 9 (RLIN) | 379 |
| 700 1# - ADDED ENTRY--PERSONAL NAME | |
| Personal name | Marten, Clarence Henry Kennett, [from old catalog] |
| 9 (RLIN) | 50050 |
| 942 ## - ADDED ENTRY ELEMENTS (KOHA) | |
| Source of classification or shelving scheme | |
| Koha item type | Book |
| Withdrawn status | Lost status | Source of classification or shelving scheme | Damaged status | Not for loan | Permanent Location | Current Location | Date acquired | Total Checkouts | Full call number | Barcode | Date last seen | Price effective from | Koha item type |
|---|---|---|---|---|---|---|---|---|---|---|---|---|---|
| Military College of Engineering (MCE) | Military College of Engineering (MCE) | 01/22/2015 | 941 WAR | MCE-ECG124 | 01/22/2015 | 03/14/2021 | Book |
